| Tag |
First Indicator |
Second Indicator |
Subfields |
| LEADER |
00000cam a2200000 i 4500 |
| 001 |
in00000044388 |
| 005 |
20151007072925.0 |
| 008 |
800607m19691979nyua b 00110 eng d |
| 010 |
|
|
|a 78102679
|
| 020 |
|
|
|a 0877050120
|
| 035 |
|
|
|a (OCoLC)06396667
|
| 035 |
|
|
|9 AAE8810AM
|
| 040 |
|
|
|a TXA
|c TXA
|d UtOrBLW
|
| 049 |
|
|
|a TXAM
|v 1 [1558092]
|v 2 [1115270]
|
| 090 |
|
|
|a RA427
|b .S42 1977
|
| 100 |
1 |
|
|a Schulberg, Herbert C.
|
| 245 |
1 |
0 |
|a Program evaluation in the health fields /
|c edited by Herbert C. Schulberg, Alan Sheldon, Frank Baker.
|
| 250 |
|
|
|a 2d ed.
|
| 264 |
|
1 |
|a New York :
|b Human Sciences Press,
|c 1977-1979.
|
| 264 |
|
4 |
|c ©1969-1979.
|
| 300 |
|
|
|a 2 volumes :
|b illustrations ;
|c 24 cm.
|
| 336 |
|
|
|a text
|b txt
|2 rdacontent
|
| 337 |
|
|
|a unmediated
|b n
|2 rdamedia
|
| 338 |
|
|
|a volume
|b nc
|2 rdacarrier
|
| 490 |
1 |
|
|a Social problems series
|
| 500 |
|
|
|a Volume 2 lacks series and edition statements.
|
| 500 |
|
|
|a Volume 2 edited by H. C. Schulberg and F. Baker.
|
| 650 |
|
0 |
|a Public health
|x Evaluation.
|
| 650 |
|
0 |
|a Medical care
|x Evaluation.
|
| 650 |
|
0 |
|a Evaluation research (Social action programs)
|
| 700 |
1 |
|
|a Sheldon, Alan,
|d 1933-
|
| 700 |
1 |
|
|a Baker, Frank,
|d 1936-
|
| 830 |
|
0 |
|a Social problems series.
|
| 999 |
|
|
|a MARS
|
| 999 |
f |
f |
|s 6a3ce41b-4635-39c6-9824-592e8896f79c
|i 144f4f3f-2a7b-3063-88a1-b588ccbc7e41
|t 0
|
| 952 |
f |
f |
|p ric
|a Texas A&M University
|b Rellis Campus
|c Joint Library Facility
|d Remote Storage
|t 0
|e RA427 .S42 1977
|h Library of Congress classification
|i unmediated -- volume
|k v.2
|m A14805067737
|
| 952 |
f |
f |
|p ric
|a Texas A&M University
|b Rellis Campus
|c Joint Library Facility
|d Remote Storage
|t 0
|e RA427 .S42 1977
|h Library of Congress classification
|i unmediated -- volume
|k v.1
|m A14805067729
|
| 998 |
f |
f |
|a RA427 .S42 1977
|s v.1-v.2
|t 0
|l Remote Storage
|